[Event "CICL Championship"]
[Site "Motorola"]
[Date "2002.10.03"]
[Round "2"]
[White "Cliff Wallach"]
[Black "Yuri Fridman"]
[Result "1/2-1/2"]
[WhiteElo "2050"]
[BlackElo "2110"]
[Annotator "Yuri Fridman, Cliff Wallach"]
[PlyCount "67"]
[EventDate "2002.??.??"]

1. e4 c5 2. Nf3 e6 3. d4 cxd4 4. Nxd4 Nf6 5. Nc3 d6 6. Be2 Be7 7. Be3 O-O 8.
Qd2 Nc6 9. Nb3 b6 {Diagram # DIAG. White planned kingside castling before 9...
b6. But now White king will look reasonably safe on the queenside because a6
and b5 costs Black an extra tempo (CW). White's plan is 0-0-0, then pawn
attack on the kingside. Black will seek counterchances on the queenside, first
preparing typical Sicilian freeing move d5. Black also wouldn't mind
exchanging some pieces to relieve pressure.} 10. O-O-O Bb7 11. f3 Rc8 12. g4
Ne5 {Diagram #} 13. g5 Nfd7 14. h4 Nc4 15. Bxc4 Rxc4 16. h5 Ne5 17. Nd4 {
Diagram # DIAG. Last move looks too slow. Black has less counterplay after} (
17. Qf2 Rc8 18. Kb1 Nc4 19. Bc1 d5 20. g6 {(CW)}) 17... Rc8 {Both sides
ng to their plans. But at this point Black had an interesting chance to change
game pattern by sacrificing exchange:} (17... Rxd4 $5 18. Qxd4 ({Or} 18. Bxd4
$6 Nxf3 19. Qf2 Nxd4 20. Qxd4 Bxg5+ 21. Kb1 {Diagram #} 21... Bf6 22. Qxd6 Qxd6
23. Rxd6 Bxc3 24. bxc3 Bxe4 $15 {with nice endgame for Black}) 18... Nxf3 19.
Qd3 Ne5 {Diagram # an.DIAG And Bxg5 will follow with equal chances.}) 18. b3 {
Diagram # The logic behind this move was to keep the Black knight out of c4
and save a tempo for the attack. While it weakens queenside, it preserves
White's dark squared bishop and allows the kingside attack to proceed. In
these types of positions, speed tends to be more important than material. (CW)
Suspiciously looking move - creates weaknesses in White's queenside. But
without it, how to prevent Nc4, exchanging important bishop? Or other ideas of
queensideinitiative (Rxc3, or Nxb2, etc., after some preparation). For example:
} (18. g6 Nc4 19. gxh7+ Kxh7 20. Qd3 Nxe3 {Diagram #} 21. Qxe3 ({
Black also successfully defends after} 21. e5+ Nf5 22. Nxf5 exf5 23. Qxf5+ Kh8
24. Rdg1 {- CW}) 21... e5 $1 22. Nde2 Bg5 23. f4 {Diagram #} 23... exf4 24.
Nxf4 Re8 {an.DIAG. Black is doing just fine.}) 18... d5 {Now the question is -
who is faster in creating more dangerous stuff. Play is very sharp, and cost
of each move is maximal.} 19. g6 Bb4 20. h6 {Diagram # DIAG. An i nteresting
picture. Five pawns are lined up in front of the Black king. White seems
succeeding in creating very dangerous attack first. Now it is necessary to
stop the most immediate threats to open the king -} 20... fxg6 ({Better than} 
20... Nxg6 $6 21. hxg7 {Diagram #} 21... Kxg7 (21... Re8 22. Qh2 Qh4 23. Qxh4
Nxh4 {might be a better defence}) 22. Nf5+ $1 {Diagram #} 22... Kg8 (22... exf5
23. Bd4+ f6 24. Qh6+) 23. Qh2 {and White wins.}) 21. hxg7 (21. Qh2 {is weaker:}
21... Nxf3 $1 22. Qh3 Ng5 $1 {Diagram #} 23. Bxg5 (23. Qh4 $2 Ba3+ 24. Kb1 Nxe4
$17) ({or} 23. Qg4 gxh6 24. Rxh6 Rxc3 25. Bxg5 {Diagram #} 25... Qd6 26. Bd2
Ba3+ 27. Kb1 Rg3 {Diagram # an.DIAG. Black has advantage.}) 23... Qxg5+ 24. Kb1
Rxc3 25. Qxe6+ Rf7 26. Qe8+ (26. hxg7 Qe7) 26... Bf8 27. hxg7 Rxg7 28. Qxf8+ {
(or 28...Qe7)} 28... Kxf8 29. Ne6+ Ke7 30. Nxg5 Rg3 31. Nxh7 dxe4 $17 {
an.DIAG. Black must win this endgame.}) 21... Bxc3 ({Another possible defence:
} 21... Nxf3 $5 22. gxf8=Q+ Qxf8 {Diagram #} 23. Qg2 (23. Nxf3 $2 Bxc3 {
winning queen or mating.}) 23... Bxc3 (23... Rxc3 $2 {allows} 24. Rxh7 $1 {
Diagram #} 24... Ba3+ 25. Kb1 Kxh7 26. Rh1+ Kg8 27. Qxg6+ Qg7 {Diagram #} 28.
Qxe6+ Qf7 29. Rh8+) 24. Kb1 ({or} 24. Nb5 Bg7 25. Qh3 Qf6 26. Qxh7+ Kf8 $13)
24... Bxd4 25. Bxd4 Nxd4 26. Rxd4 $13 {
Diagram # an.DIAG. The position is complex, with chances for both sides}) 22.
Qh2 h5 {Diagram # DIAG. The only move, of course.} 23. gxf8=Q+ ({or} 23. Qxe5
Re8 24. Rdg1 (24. Bg5 Bxd4 25. Rxd4 Qc7 26. Qxc7 Rxc7 $15) 24... dxe4 25. Rxg6
Rc5 {Diagram # an.DIAG. Black defence holds, and game is equal.}) ({weaker is} 
23. Nxe6 Qe7 24. gxf8=Q+ Rxf8 25. Bc5 bxc5 26. Nxf8 c4 {
Diagram # an.DIAG. Black has strong counterattack.}) 23... Qxf8 {Diagram #} 24.
Nb5 ({better than} 24. Kb1 Bxd4 25. Bxd4 Nxf3 {Diagram #} 26. Qg3 Kh7 27. Bb2
Qf7 $1 28. exd5 (28. e5 d4 $1 $17) 28... Bxd5 {Diagram # an.DIAG. Threat Nd2
is unpleasant, and Black seems to have initiative here.}) 24... Qxf3 ({worse} 
24... Nxf3 25. Qg3 Qf7 26. Nxc3 Rxc3 {Diagram #} 27. Rxh5 {with strong attack})
25. Bd4 Bxd4 {Diagram #} 26. Nxd4 (26. Rxd4 $2 a6 27. Qxe5 Qxh1+ 28. Kb2 Qh3
$15) 26... Qxe4 {Diagram # DIAG. Thick smoke has settled a little. White
attack is almost over, and Black chances start looking good, with centralized
pieces and many extra pawns. Neither of White rooks can get to e1 because of
Nd3+. Nxe6 is impossible because of Ng4. But it is only move 26, and,
naturally, after previous sharp play, time trouble is quite severe. Opponents
scramble to find the best moves, succeeding so far, but that will not last
long. Black now threatens Nd3+.} 27. Qg3 $1 Ba6 {Diagram #} 28. Kb2 ({or} 28.
Kb1 Nf3 {- see comment to the next move}) 28... Nd3+ $2 {Miscalculation.} ({
The right move is} 28... Nf3 $1 {Diagram # an.DIAG. Game could continue:} 29.
Qxf3 ({worse} 29. Nxf3 Qxc2+ 30. Ka3 Rc5 {
White king is in danger, but immediate mate can be prevented:} 31. Qb8+ Bc8 {
Diagram #} 32. Rc1 Ra5+ 33. Kb4 Qe4+ 34. Rc4 {
Diagram # an.DIAG. White still might have some drawing chances after} 34...
dxc4 35. Qxc8+ Kg7 36. Qd7+ Kh6 {Diagram #} 37. Qd2+ g5 38. Re1 {or 38.Qd8})
29... Qxf3 30. Nxf3 Be2 {Diagram #} 31. Ne5 Bxd1 32. Rxd1 Kg7 {Diagram # an.
DIAG. This endgame is as unclear as starting position, both sides having good
chances to win or lose.}) 29. cxd3 $2 ({Missed opportunity:} 29. Rxd3 $1 Bxd3 (
29... Qxh1 $2 30. Qxg6+ {with mate in few moves}) 30. Rh4 {Diagram # an.DIAG.
Black queen is suddenly trapped in the middle of the board. Both opponents in
time trouble missed this. Black can continue futile resistance, but chance are
slim:} 30... Bxc2 31. Rxe4 Bxe4 32. Nxe6 {Diagram #} 32... Bf5 33. Qe5 Rc2+ 34.
Ka3 Bxe6 {Diagram # If now rook was on the 7th rank, protecting pawn a7, ther
would be a real hope. But it is not the case after} 35. Qxe6+) 29... Qxd4+ 30.
Kb1 Kh7 31. Rhg1 {Diagram # DIAG.} 31... g5 $2 {Last mistake of the game.
Either player had about three minutes for remaining 14 moves. White now forces
draw (Black, for some reason, didn't expect that), perhaps the fairest
conclusion for this entertaining game.} ({
Black preserved winning chances playing simply} 31... Rg8 {
The game could follow:} 32. Rgf1 e5 33. Rf7+ Rg7 34. Qf3 {Diagram #} 34... e4
35. dxe4 dxe4 {Diagram #} 36. Rxd4 ({Funny line is} 36. Qf6 $2 Qxd1+ 37. Kb2
Qd2+ 38. Ka3 Qc1+ 39. Ka4 {Diagram #} 39... Bb5+ $1 40. Kxb5 Qc5+ 41. Ka6 Qa5+
42. Kb7 Qd5+ $19) 36... exf3 37. Rxf3 Bb7 {
Diagram # an.DIAG. Black has better endgame.}) 32. Qxg5 Bxd3+ {Diagram #} 33.
Rxd3 Qxd3+ 34. Ka1 {DIAG.} 1/2-1/2

[Event "Aces-Reader"]
[Site "?"]
[Date "2002.10.15"]
[Round "?"]
[White "Czerniecki, K."]
[Black "Sullivan, C."]
[Result "0-1"]
[WhiteElo "1936"]
[BlackElo "1511"]
[PlyCount "70"]
[EventDate "2002.??.??"]

1. Nf3 d5 2. g3 Nc6 3. Bg2 e5 4. d3 Nf6 5. O-O Bd6 6. Nbd2 Bg4 7. h3 Bh5 8. Re1
Qd7 9. c3 h6 10. Nf1 Ne7 11. N1h2 e4 12. dxe4 Nxe4 13. Nd4 Bg6 14. Nhf3 c5 15.
Nb3 Qc7 16. Be3 Bf5 17. Nbd2 Ng5 18. Bxg5 hxg5 19. g4 Bg6 20. Nxg5 Bh2+ 21. Kh1
Bf4 22. Ngf3 O-O-O 23. e3 Bd6 24. b4 c4 25. Ng5 a6 26. a4 Qd7 27. f4 Be4 28.
Nxf7 Rxh3+ 29. Kg1 Rg3 30. Nxd6+ Qxd6 31. Re2 Rh8 32. Rf2 Qh6 33. Kf1 Bxg2+ 34.
Ke2 Qh3 35. Qg1 Rxe3+ {and White soon resigned} 0-1

[Event "Reader-Aces"]
[Site "?"]
[Date "2002.10.15"]
[Round "?"]
[White "Marsh, Micheal"]
[Black "Frank, Mark"]
[Result "0-1"]
[WhiteElo "1166"]
[BlackElo "1677"]
[PlyCount "83"]
[EventDate "2002.??.??"]

1. e4 e6 2. d4 d5 3. exd5 exd5 4. Nf3 Nc6 5. Be2 Nf6 6. O-O Be7 7. Nc3 O-O 8.
Bf4 Ne4 9. Ne5 Nxc3 10. bxc3 Nxe5 11. Bxe5 Bf6 12. Bxf6 Qxf6 13. Re1 Be6 14.
Bd3 c6 15. Qe2 b5 16. Qe5 Qxe5 17. Rxe5 Rfe8 18. Kf1 g6 19. a3 Kf8 20. Rae1 Bd7
21. Rxe8+ Rxe8 22. Rxe8+ Kxe8 23. Ke2 Ke7 24. g3 Kf6 25. Kf3 Kg5 26. h4+ Kf6
27. Kf4 h6 28. g4 g5+ 29. hxg5+ hxg5+ 30. Kg3 Ke7 31. f3 Kd8 32. Bf5 Kc7 33.
Bxd7 Kxd7 34. f4 f6 35. fxg5 fxg5 {WHITE RESIGNED} 36. Kf3 a5 (36... Kc7 37.
Ke3 Kb6 38. Kd2 Ka5 (38... a5 39. Kd3) 39. Kc1 Ka4 40. Kb2) 37. Ke3 b4 38. cxb4
axb4 39. axb4 Kc7 40. Kd3 Kb6 41. c4 $16 dxc4+ 42. Kxc4 $18 0-1

[Event "Aces-Reader"]
[Site "?"]
[Date "2002.10.15"]
[Round "?"]
[White "Davidson, M."]
[Black "Broihier, Matt"]
[Result "1-0"]
[WhiteElo "1612"]
[BlackElo "1119"]
[PlyCount "65"]
[EventDate "2002.??.??"]

1. d4 Nf6 2. Nf3 g6 3. e3 Bg7 4. Nbd2 O-O 5. Bd3 d6 6. c3 Nbd7 7. Qc2 b6 8. O-O
Bb7 9. e4 e5 10. b3 Re8 11. Bb2 a6 12. Rae1 Qc8 13. Ng5 Rb8 14. f4 h6 15. Nh3
Ng4 16. Nf2 Ndf6 17. h3 Nxf2 18. Rxf2 Nh5 19. fxe5 dxe5 20. Kh2 Nf4 21. Bf1 b5
22. Nf3 exd4 23. cxd4 Qd7 24. Ne5 Bxe5 25. dxe5 Ne6 26. Rd1 Qc8 27. Rfd2 c5 28.
Rd7 Qc6 29. Qf2 Rf8 30. Re7 Rbd8 31. Rxd8 Nxd8 32. e6 Nxe6 (32... Qd6+ 33. Kh1
Qxe7) 33. Qf6 1-0

[Event "Rooks-Dragons"]
[Site "?"]
[Date "2002.09.26"]
[Round "?"]
[White "Benedek, R."]
[Black "Tegel, F."]
[Result "0-1"]
[WhiteElo "2102"]
[BlackElo "2074"]
[PlyCount "110"]

1. e4 c5 2. Nf3 d6 3. d4 cxd4 4. Nxd4 Nf6 5. Nc3 a6 6. f3 e6 {Diagram #} 7. Be3
Be7 8. Qd2 Nc6 9. g4 Qc7 10. O-O-O b5 {Diagram #} 11. Bxb5 $5 axb5 12. Ndxb5
Qb8 $1 13. Nxd6+ Bxd6 14. Qxd6 {Diagram #} 14... Qxd6 15. Rxd6 Ne5 16. g5 Nfd7
{Diagram #} 17. Rd4 (17. f4 Nc4 18. Rd3 {Diagram #} 18... e5 (18... Ba6 {
hoping for a discovery} 19. Bd4) 19. f5 Bb7 {and Nd6 next to win e4-Pawn} 20.
Re1 Nd6 21. Bf2) 17... Nxf3 18. Rdd1 O-O 19. Rhf1 Nde5 {Diagram #} 20. Bf4 Ba6
21. Rf2 Rfd8 22. Rxd8+ Rxd8 23. Bxe5 Nxe5 {Diagram #} 24. h3 {White has built
a position where he can freely advance his passers. Now the question will be
proved: is it enough for the piece?} 24... Kf8 25. b3 Bb7 26. Kb2 Ke7 27. a4
Rd4 {Diagram #} 28. Rf4 (28. Re2 Nf3) 28... Ng6 29. Rg4 f6 30. gxf6+ gxf6 {
Diagram #} 31. a5 Kf7 {Overprotects Knight so now ready to chase Rook with h5.
But White has a forcing move} 32. Nb5 $1 {Diagram #} 32... Rd7 (32... Rxe4 33.
Rxe4 Bxe4 34. Nd6+ {
wins the Bishop and the f6-Pawn, as White threatens to queen}) 33. c4 h5 (33...
Rd3 {doesn't threaten anything yet since Rook is needed to stop d6-fork}) 34.
Rg1 Bxe4 35. a6 {Diagram # Another example of "quality of passers". White's
Knight has made some useful threats, but now blocks the natural b-Pawn advance.
Black's extra piece is useful and he has connected passers himself! As he
shows, especially, the path is secured for the f-passer.} 35... Ne7 36. c5 {
threatening that Nd6-fork again!} 36... Nc8 {Assuring the White Knight stays
in the way, but it will cost a piece. Often, returning the material for a
better endgame is the best way.} ({Bishop moves don't resolve the issues.} 
36... Ba8 37. Nd6+ Kf8 38. b4) (36... Bd3 $2 37. a7) 37. Ra1 f5 (37... Ba8) 38.
a7 Ba8 {Diagram #} 39. c6 Bxc6 40. a8=Q Bxa8 41. Rxa8 {Diagram # Another
highlight is White's King is cut off from helping against passers.} 41... Nd6
42. Nc3 f4 43. Ra4 e5 {Diagram #} 44. Nd5 f3 45. Ne3 Kf6 46. Nd5+ Ke6 47. Ne3 {
Diagram #} 47... f2 48. Kc2 Rf7 (48... Nb5 49. Ra6+ {Diagram #} 49... Kf7 50.
Rh6 (50. Ra5 Nd4+ 51. Kd3 $2 Nxb3+)) 49. Ra1 {Diagram #} 49... Rf3 50. Kd2 Nf5
51. Nxf5 Kxf5 52. Ke2 {Diagram #} 52... Kf4 53. Rf1 Kg3 {threatening Kg2, Re3+!
} 54. b4 Rb3 (54... Kg2 55. b5 Re3+ 56. Kxe3 Kxf1 {Diagram #} 57. b6 Ke1 58. b7
f1=Q 59. b8=Q) 55. Ra1 Kg2 {Diagram # The finish is Rb2+ and queens} 0-1

[Event "Rooks-Dragons"]
[Site "?"]
[Date "2002.09.26"]
[Round "?"]
[White "Suarez, E."]
[Black "Altshuller, Dmitry"]
[Result "1-0"]
[WhiteElo "1927"]
[BlackElo "1792"]
[PlyCount "39"]

1. d4 f5 2. Nf3 Nf6 3. g3 g6 4. Bg2 Bg7 5. O-O O-O 6. c4 d6 7. Nc3 Qe8 8. Qb3
Kh8 9. Nd5 Nxd5 10. cxd5 e5 11. dxe5 dxe5 12. Ng5 Na6 13. Qc4 e4 14. Rb1 b5 15.
Qb3 c5 16. Bd2 b4 17. Be3 Qb5 18. d6 c4 19. Qd1 Nc5 20. Qd5 1-0

[Event "Dragons-Rooks"]
[Site "?"]
[Date "2002.09.26"]
[Round "?"]
[White "Eustace, Dan"]
[Black "Baurac, Dave"]
[Result "0-1"]
[WhiteElo "1548"]
[BlackElo "1746"]
[PlyCount "76"]

1. e4 c6 2. d4 d5 3. Nc3 dxe4 4. Nxe4 Nd7 5. Bc4 Ngf6 6. Ng5 e6 7. Qe2 Nb6 8.
Bb3 a5 9. c3 h6 10. N5f3 Qc7 11. Ne5 Bd6 12. Ngf3 O-O 13. O-O c5 14. Be3 a4 15.
Bc2 c4 16. Rae1 Bd7 17. a3 Rfc8 18. g4 Bc6 19. g5 Bxf3 20. Qxf3 hxg5 21. Bxg5
Nbd5 22. Kh1 Kf8 23. Qh3 Ke7 24. Be4 Rh8 25. Qg3 Kf8 26. Rg1 Nxe4 27. Rxe4 f6
28. Qf3 Ke8 29. Qg4 f5 30. Qh4 Rxh4 31. Rxh4 Bxe5 32. Rh8+ Kf7 33. Rxa8 Bxh2
34. Rg2 Bf4 35. Rxa4 Bxg5 36. Rxg5 Kf6 37. Rg2 Qc6 38. Ra8 Nf4 0-1

[Event "Rooks-Dragons"]
[Site "?"]
[Date "2002.09.26"]
[Round "?"]
[White "Grudzinski, J."]
[Black "Breyer, A."]
[Result "1-0"]
[WhiteElo "1419"]
[BlackElo "1371"]
[PlyCount "79"]

1. d4 d5 2. c4 dxc4 3. Nc3 c6 4. a4 e6 5. Nf3 Nf6 6. Bg5 Nbd7 7. e4 Qa5 8. Bd2
Bb4 9. Qc2 c5 10. Bxc4 cxd4 11. Nb5 O-O 12. O-O e5 13. Bxb4 Qxb4 14. Nc7 Rb8
15. Nd5 Qd6 16. Nc7 a6 17. Ng5 b5 18. Nxf7 Qe7 19. axb5 axb5 20. Nd5 Nxd5 21.
Bxd5 Bb7 22. Bxb7 Rxb7 23. Qb3 Rxf7 24. Rfc1 Nc5 25. Ra8+ Qf8 26. Rxf8+ Kxf8
27. Rxc5 g6 28. Rxe5 Rfe7 29. Rxe7 Rxe7 30. Qxb5 Rxe4 31. Qc5+ Kg7 32. f3 Re2
33. Qxd4+ Kh6 34. b4 Re1+ 35. Kf2 Rb1 36. g4 Kg5 37. Kg3 Re1 38. f4+ Kh6 39.
Qc5 (39. g5+ Kh5 40. Qd2 Rg1+ 41. Kf2 Rh1 42. Qe2+ Kh4 43. Kg2 Rb1 44. h3 Rxb4
45. Qg4#) 39... Re6 40. Qf8# 1-0

[Event "Dragons-Tyros"]
[Site "?"]
[Date "2002.11.07"]
[Round "?"]
[White "Altshuller, Dmitry"]
[Black "Diaz, Pablo"]
[Result "0-1"]
[WhiteElo "1792"]
[BlackElo "1990"]
[PlyCount "50"]

1. e4 e6 2. d4 c5 3. Nf3 cxd4 4. Nxd4 Nf6 5. Nc3 Bb4 6. e5 Nd5 7. Qg4 g6 8. Bd2
Nxc3 9. Bxc3 Bxc3+ 10. bxc3 Qc7 11. Qg3 a6 12. c4 b6 13. Bd3 Bb7 14. O-O Nc6
15. Nf3 Ne7 16. Nd2 Nf5 17. Bxf5 gxf5 18. Qg7 O-O-O 19. f3 h5 20. Rab1 Qc5+ 21.
Kh1 Qe3 22. Nb3 h4 23. c5 h3 24. Qg3 Rdg8 25. Qf2 hxg2+ 0-1

[Event "Tyros-Dragons"]
[Site "?"]
[Date "2002.11.07"]
[Round "?"]
[White "Stoltz, Bob"]
[Black "Eustace, Dan"]
[Result "1-0"]
[WhiteElo "1891"]
[BlackElo "1548"]
[PlyCount "49"]

1. e4 e5 2. Nf3 Nc6 3. Bb5 a6 4. Ba4 Nf6 5. O-O b5 6. Bb3 Be7 7. Re1 O-O 8. a4
Bb7 9. c3 d5 10. axb5 axb5 11. Rxa8 Bxa8 12. exd5 Nxd5 13. d4 exd4 14. Nxd4
Nxd4 15. Qxd4 Re8 16. Nd2 Bg5 17. Rxe8+ Qxe8 18. Bxd5 Bxd5 19. Qxd5 h6 20. Kf1
c6 21. Qd3 Qe5 22. Nf3 Qc7 23. Bxg5 hxg5 24. Nxg5 Qxh2 25. Qd8# 1-0

[Event "Dragons-Tyros"]
[Site "?"]
[Date "????.??.??"]
[Round "?"]
[White "Breyer, A."]
[Black "Guio, J."]
[Result "0-1"]
[WhiteElo "1371"]
[BlackElo "1914"]
[PlyCount "54"]

1. e4 c5 2. Bc4 e6 3. Nf3 a6 4. d4 b5 5. Be2 cxd4 6. Qxd4 Nc6 7. Qd1 d6 8. a3
Bb7 9. c4 bxc4 10. Bxc4 Nf6 11. Nc3 Be7 12. b4 O-O 13. Ng5 Ne5 14. Bxe6 fxe6
15. Nxe6 Qd7 16. Nxf8 Rxf8 17. Qd4 Qg4 18. Be3 Rc8 19. f3 Qxg2 20. O-O-O Nxf3
21. Rhg1 Nxd4 22. Rxg2 Rxc3+ 23. Kb2 Rxe3 24. Rxd4 Nxe4 25. Rc2 Bf6 26. Rc7
Bxd4+ 27. Ka2 Nc3+ 0-1

[Event "CCDOC-Dragons"]
[Site "?"]
[Date "2002.11.18"]
[Round "?"]
[White "Williams, Kent"]
[Black "Warren, Jim"]
[Result "1/2-1/2"]
[WhiteElo "2098"]
[BlackElo "2072"]
[PlyCount "60"]

1. d4 Nf6 2. c4 e6 3. Nf3 Bb4+ 4. Bd2 Qe7 5. Qc2 d5 6. a3 Bxd2+ 7. Nbxd2 O-O 8.
Rc1 c6 9. e3 Nbd7 10. Bd3 e5 11. dxe5 Nxe5 12. Nxe5 Qxe5 13. Nf3 Qh5 14. cxd5
Nxd5 15. Qb3 Bg4 16. Nd4 Rab8 17. O-O Bd7 18. Rfe1 Qg5 19. Nf3 Qe7 20. Rc4 Be6
21. Rh4 g6 22. Qc2 Rbd8 23. g3 Qf6 24. Nd4 Ne7 25. Rf4 Qe5 26. Re4 Qf6 27. Nxe6
fxe6 28. Rf4 Qe5 29. Re4 Qf6 30. Rf4 Qe5 1/2-1/2

[Event "CCDOC-Chargers"]
[Site "?"]
[Date "2002.11.18"]
[Round "?"]
[White "Seaton, Ed"]
[Black "Dobrovolny, Chuck"]
[Result "0-1"]
[WhiteElo "1645"]
[BlackElo "1856"]
[PlyCount "82"]

1. e4 c5 2. d4 cxd4 3. Nf3 d6 4. Nxd4 Nf6 5. Nc3 a6 6. Bd3 b5 7. O-O Bb7 8. Re1
e6 9. Nf3 Nbd7 10. Bg5 Be7 11. Nd2 Nc5 12. Qf3 Rc8 13. Re3 b4 14. Ne2 Nfxe4 15.
Bxe7 Nxd2 16. Bxd8 Nxf3+ 17. gxf3 Rxd8 18. a3 Nxd3 19. Rxd3 bxa3 20. Raxa3 O-O
21. Nf4 d5 22. Nh5 Rc8 23. c3 Bc6 24. Rd4 Bb5 25. Rg4 g6 26. Ra1 Rc4 27. Rg3
Kh8 28. Nf6 h5 29. Kh1 Rf4 30. Nxh5 gxh5 31. Rag1 Be2 32. h3 Bxf3+ 33. Kh2 Be4
34. Rg5 Rxf2+ 35. Kg3 Rf5 36. Kh4 Rxg5 37. Rxg5 Bg6 38. Rg1 Rb8 39. b4 Rc8 40.
Rc1 Rc4+ (40... d4) 41. Kg5 (41. Kg3 d4) 41... Kg7 0-1

[Event "Chargers-CCDOC"]
[Site "?"]
[Date "2002.11.18"]
[Round "?"]
[White "Thomas, Jerry"]
[Black "Hall, A."]
[Result "0-1"]
[WhiteElo "1536"]
[BlackElo "1394"]
[PlyCount "28"]

1. e4 e5 2. Nf3 d6 3. d4 Bg4 4. Bb5+ c6 5. Be2 Bxf3 6. Bxf3 exd4 7. Qxd4 Nf6 8.
O-O c5 9. Qa4+ Nbd7 10. Re1 Be7 11. e5 dxe5 12. Rxe5 O-O 13. Re2 Nb6 14. Qb3
Qd1+ 0-1

[Event "CCDOC-Chargers"]
[Site "?"]
[Date "2002.11.18"]
[Round "?"]
[White "Rojo, Victor"]
[Black "Stamm, Vern"]
[Result "0-1"]
[WhiteElo "1566"]
[BlackElo "1496"]
[PlyCount "110"]

1. e4 b6 2. Bc4 Bb7 3. Nc3 e6 4. d4 Bb4 5. Nge2 Bxe4 6. a3 Bxc3+ 7. Nxc3 Bb7 8.
d5 exd5 9. Bxd5 c6 10. Qe2+ Qe7 11. Qxe7+ Nxe7 12. Bf3 O-O 13. Nb5 Na6 14. Nd6
Bc8 15. b4 b5 16. Nxb5 d5 17. Nd4 Bd7 18. O-O c5 19. bxc5 Nxc5 20. Bf4 Rac8 21.
Bd6 Rfe8 22. Bxe7 Rxe7 23. Bxd5 Ne6 24. Bxe6 Bxe6 25. Nxe6 Rxe6 26. Rfc1 Rc3
27. g3 Rec6 28. Ra2 Kf8 29. Kg2 Ke7 30. h4 h5 31. a4 a5 32. Rb1 R6c5 33. Rb5 g6
34. Rxc5 Rxc5 35. f4 Kf6 36. Kf2 Kf5 37. Rb2 Kg4 38. Rb3 Rxc2+ 39. Ke3 Rg2 40.
Rb5 Rxg3+ 41. Ke4 Kxh4 42. Rxa5 f5+ 43. Ke5 Kg4 44. Ra6 Re3+ 45. Kf6 Kxf4 46.
Kxg6 h4 47. Ra8 Re6+ 48. Kf7 Rh6 49. Rg8 h3 50. Rg1 h2 51. Rh1 Kg3 52. Kg7 Ra6
53. Ra1 f4 54. a5 f3 55. Kf7 f2 0-1

[Event "CCDOC-Chargers"]
[Site "?"]
[Date "2002.11.18"]
[Round "?"]
[White "Appleberry, Terry"]
[Black "Klineflelter, Howard"]
[Result "0-1"]
[WhiteElo "1406"]
[BlackElo "1591"]
[PlyCount "76"]

1. e4 c5 2. Nc3 Nc6 3. Bc4 Nf6 4. d3 d6 5. Nge2 g6 6. Be3 Bg7 7. O-O O-O 8. d4
Na5 9. Qd3 Nxc4 10. Qxc4 cxd4 11. Bxd4 Be6 12. Qd3 a6 13. b3 Rc8 14. Rfe1 Bd7
15. Rad1 Re8 16. e5 Bf5 17. Qd2 dxe5 18. Bxe5 Qxd2 19. Rxd2 Bh6 20. f4 Ng4 21.
Rd4 Nxe5 22. fxe5 Be3+ 23. Kh1 Bxd4 24. Nd5 Bxe5 25. c4 Rc6 26. Ng3 f6 27. Nxf5
gxf5 28. h4 Kf7 29. g3 Bxg3 30. Re3 Bxh4 31. Rh3 Bg5 32. Rxh7+ Ke6 33. Rh3 Rg8
34. Kg2 Be3+ 35. Kf3 f4 36. Ke4 b5 37. cxb5 axb5 38. Rh7 f5+ 0-1

[Event "Pawns-Chargers"]
[Site "?"]
[Date "2002.11.20"]
[Round "?"]
[White "Jakstas, Kaz"]
[Black "Marcowka, Bob"]
[Result "1-0"]
[WhiteElo "2129"]
[BlackElo "1979"]
[PlyCount "107"]

1. d4 Nf6 2. Nf3 g6 3. Bg5 Ne4 4. Bh4 d5 5. Nbd2 Nc6 6. e3 Bg4 7. Be2 Bg7 8.
Nxe4 dxe4 9. Nd2 Bxe2 10. Qxe2 Qd5 11. O-O a6 12. c4 Qf5 13. g4 Qd7 14. Nxe4 f5
15. Nc5 Qc8 16. h3 e6 17. gxf5 exf5 18. Qf3 Nd8 19. Bxd8 Kxd8 20. Nxb7+ Ke7 21.
Na5 Bf6 22. Qd5 Kf8 23. Nc6 Kg7 24. Ne5 Qe8 25. Qd7+ Qxd7 26. Nxd7 g5 27. Nxf6
Kxf6 28. b4 h5 29. a4 h4 30. f3 Rhe8 31. e4 Rad8 32. e5+ Kg6 33. Rad1 g4 34.
fxg4 fxg4 35. hxg4 Kg5 36. Kh2 Kxg4 37. Rd2 Kh5 38. Re1 Rb8 39. b5 axb5 40.
axb5 Ra8 41. d5 Ra4 42. Re4 Kg5 43. e6 Rb4 44. Rg2+ Kf5 45. Rge2 Kf6 46. e7 h3
47. Rf2+ Kg7 48. Rf3 Rb2+ 49. Kxh3 Rb1 50. Kg3 Rg1+ 51. Kf2 Rh1 52. c5 Rh6 53.
Rg4+ Kh7 54. Rf7+ 1-0

[Event "Chargers-Pawns"]
[Site "?"]
[Date "2002.11.20"]
[Round "?"]
[White "Dobrovolny, Chuck"]
[Black "Ellice, Wayne"]
[Result "1-0"]
[WhiteElo "1856"]
[BlackElo "1873"]
[PlyCount "53"]

1. e4 e6 2. d4 d5 3. Nd2 c5 4. c3 Nc6 5. Ngf3 cxd4 6. cxd4 Qb6 7. Bd3 Nxd4 8.
Qa4+ Nc6 9. O-O Bd7 10. exd5 Nb4 11. Qb3 Nxd3 12. Qxd3 Bb5 13. Nc4 Rd8 14. dxe6
f6 15. Qe4 Qc7 16. b3 Bd6 17. Nxd6+ Qxd6 18. Qxb7 Bd7 19. exd7+ Rxd7 20. Qe4+
Ne7 21. Bf4 Qd5 22. Qxd5 Nxd5 23. Rfe1+ Kf7 24. Bd2 Rc8 25. Rac1 Rcd8 26. h3
Ne7 27. Ba5 1-0